[Event "2nd American Continental"]
[Site "Buenos Aires ARG"]
[Date "2003.08.27"]
[Round "9"]
[White "Nogueiras Santiago, Jesus"]
[Black "Flores, Diego"]
[Result "1/2-1/2"]
[WhiteElo "2521"]
[BlackElo "2439"]
[EventDate "2003.08.17"]
[PlyCount "83"]

1.d4 Nf6 2.c4 g6 3.Nc3 Bg7 4.g3 O-O 5.Bg2 d6 6.e3 e5 7.Nge2 Nc6 8.h3 exd4 
9.exd4 Re8 10.O-O Bd7 11.Bf4 h5 12.Rc1 Bf5 13.a3 Ne4 14.Nd5 Qc8 15.Kh2 Nf6
16.Nec3 Ne4 17.Be3 Nxc3 18.Nxc3 a6 19.b4 Rb8 20.Qd2 Qd7 21.Rfe1 Kh7 22.Re2
Re7 23.Rce1 Qd8 24.Nd5 Rd7 25.b5 axb5 26.cxb5 Na7 27.a4 c6 28.Bg5 f6 29.
Re8 Qxe8 30.Rxe8 Rxe8 31.Nxf6+ Bxf6 32.Bxf6 Rf7 33.Qg5 Re6 34.Bd8 Be4 35.
Qd2 cxb5 36.Qa2 d5 37.Bxe4 Rxe4 38.Qxd5 Rxf2+ 39.Kg1 Ree2 40.Qxb7+ Kh6 41.
axb5 Nxb5 42.Qxb5 1/2-1/2

[Event "2nd American Continental"]
[Site "Buenos Aires ARG"]
[Date "2003.08.27"]
[Round "9"]
[White "Ojeda, Hernan"]
[Black "Malbran, Guillermo"]
[Result "1/2-1/2"]
[WhiteElo "2226"]
[BlackElo "2345"]
[EventDate "2003.08.17"]
[PlyCount "38"]

1.Nf3 Nf6 2.g3 g6 3.Bg2 Bg7 4.O-O O-O 5.d3 d5 6.Nc3 Nc6 7.e4 dxe4 8.dxe4 
e5 9.Qxd8 Rxd8 10.Bg5 Be6 11.Rfd1 Rxd1+ 12.Rxd1 h6 13.Bxf6 Bxf6 14.Nd5 Bd8
15.Ne1 Na5 16.Nd3 Bxd5 17.exd5 f6 18.f4 exf4 19.Nxf4 Kf7 1/2-1/2

[Event "2nd American Continental"]
[Site "Buenos Aires ARG"]
[Date "2003.08.27"]
[Round "9"]
[White "Plazaola, Maria De los Angeles"]
[Black "Perdomo, Leandro"]
[Result "0-1"]
[WhiteElo "2047"]
[BlackElo "2304"]
[EventDate "2003.08.17"]
[PlyCount "68"]

1.e4 Nc6 2.Nc3 e5 3.Nf3 Nf6 4.d4 Bb4 5.d5 Ne7 6.Bd3 Ng6 7.h3 O-O 8.O-O d6 
9.Be3 Qe7 10.Nd2 c6 11.dxc6 bxc6 12.Ne2 d5 13.c3 Bc5 14.Bxc5 Qxc5 15.Qc2 
Bd7 16.Kh1 Nh5 17.Rad1 Be6 18.Nf3 Qe7 19.exd5 cxd5 20.Bf5 Qf6 21.Bxe6 fxe6
22.Qa4 Nhf4 23.Neg1 e4 24.Ne1 Ne5 25.Qd4 Qg5 26.Qe3 Nc4 27.Qc1 Qg6 28.b3 
Ne5 29.Qe3 Rf7 30.Rd2 Raf8 31.Ne2 Nxg2 32.Nxg2 Rf3 33.Nef4 Rxe3 34.Nxg6 
Rxh3+ 0-1

[Event "2nd American Continental"]
[Site "Buenos Aires ARG"]
[Date "2003.08.27"]
[Round "9"]
[White "Ramirez Alvarez, Alejandro"]
[Black "Mahia, Gustavo"]
[Result "1-0"]
[WhiteElo "2450"]
[BlackElo "2377"]
[EventDate "2003.08.17"]
[PlyCount "65"]

1.d4 d5 2.c4 e6 3.Nc3 Nf6 4.Bg5 Be7 5.cxd5 exd5 6.e3 c6 7.Qc2 Be6 8.Bd3 
Nbd7 9.Nge2 h6 10.Bh4 Nb6 11.O-O O-O 12.Rab1 Ne8 13.Bxe7 Qxe7 14.b4 a6 15.
a4 Nd6 16.b5 cxb5 17.axb5 a5 18.Qa2 Rfc8 19.Rfc1 g5 20.Ng3 a4 21.Qe2 a3 
22.Ra1 f5 23.f3 Rc7 24.e4 fxe4 25.fxe4 dxe4 26.Ngxe4 Nxe4 27.Qxe4 Qe8 28.
d5 Bg4 29.Qxg4 Qe3+ 30.Kh1 Qxd3 31.Qe6+ Kh7 32.Qxb6 Rxc3 33.Qxb7+ 1-0

[Event "2nd American Continental"]
[Site "Buenos Aires ARG"]
[Date "2003.08.27"]
[Round "9"]
[White "Roselli Mailhe, Bernardo"]
[Black "Hobaica, Juan Pablo"]
[Result "1-0"]
[WhiteElo "2440"]
[BlackElo "2281"]
[EventDate "2003.08.17"]
[PlyCount "111"]

1.e4 c5 2.Nc3 e6 3.g3 d5 4.d3 d4 5.Nce2 Nc6 6.f4 g6 7.Nf3 Bg7 8.Bg2 Nge7 
9.g4 f5 10.gxf5 exf5 11.e5 Be6 12.h4 Qd7 13.a3 a5 14.Kf2 Nd5 15.Bd2 Bf8 
16.c4 dxc3 17.bxc3 Be7 18.Rb1 Bd8 19.c4 Nde7 20.Be3 b6 21.Nc3 Bc7 22.Nb5 
O-O-O 23.Qb3 Qxd3 24.Nd6+ Rxd6 25.exd6 Qxb3 26.Rxb3 Bxd6 27.Rxb6 Kc7 28.
Rhb1 Bxc4 29.Rb7+ Kc8 30.Ne5 Bxe5 31.fxe5 Rd8 32.Bg5 Rd7 33.Rxd7 Kxd7 34.
Rb7+ Ke6 35.Rc7 h6 36.Bf6 Bb5 37.Bxe7 Nxe7 38.Rxc5 Be8 39.Rxa5 g5 40.Bf1 
f4 41.Bh3+ Kf7 42.h5 Nc6 43.Rc5 Ke7 44.Bg4 Nd4 45.Rc7+ Kd8 46.Rh7 Nc2 47.
Rxh6 Ne3 48.Kf3 Ba4 49.Rd6+ Ke8 50.h6 Bc2 51.Bh5+ Ke7 52.Bg6 Nc4 53.Bxc2 
Nxe5+ 54.Ke4 Kxd6 55.Kd4 Nf7 56.Bd1 1-0

[Event "2nd American Continental"]
[Site "Buenos Aires ARG"]
[Date "2003.08.27"]
[Round "9"]
[White "Rosito, Jorge"]
[Black "Garcia, Gildardo"]
[Result "1-0"]
[WhiteElo "2426"]
[BlackElo "2473"]
[EventDate "2003.08.17"]
[PlyCount "53"]

1.e4 e5 2.Nf3 Nc6 3.d4 exd4 4.Nxd4 Nf6 5.Nxc6 bxc6 6.e5 Qe7 7.Qe2 Nd5 8.c4
Ba6 9.b3 O-O-O 10.g3 Re8 11.Bb2 f6 12.Bg2 fxe5 13.O-O h5 14.Qd2 Nf6 15.Qa5
Bb7 16.Ba3 Qe6 17.Bxf8 Rhxf8 18.Qxa7 Qg4 19.Na3 Qd4 20.c5 Nd5 21.Rad1 Qb4 
22.Nc4 Nc3 23.Na5 Ne2+ 24.Kh1 Nd4 25.Rfe1 g5 26.a3 Qb5 27.Bf1 1-0

[Event "2nd American Continental"]
[Site "Buenos Aires ARG"]
[Date "2003.08.27"]
[Round "9"]
[White "Sagalchik, Gennady"]
[Black "Nakamura, Hikaru"]
[Result "0-1"]
[WhiteElo "2491"]
[BlackElo "2568"]
[EventDate "2003.08.17"]
[PlyCount "76"]

1.d4 Nf6 2.Nc3 d5 3.Bg5 e6 4.e4 Bb4 5.Ne2 dxe4 6.a3 Be7 7.Bxf6 gxf6 8.Nxe4
f5 9.N4c3 c6 10.g3 b6 11.Bg2 Bb7 12.Qd3 Nd7 13.Nd1 Qc7 14.c4 O-O-O 15.Ne3 
Kb8 16.Qc2 Bd6 17.f4 h5 18.h4 Nf6 19.O-O-O c5 20.d5 Rhe8 21.Nc3 a6 22.Rhe1
Rg8 23.Nf1 Rxg3 24.Nxg3 Bxf4+ 25.Kb1 Bxg3 26.Re2 Bc8 27.Rd3 Be5 28.Na4 Ka7
29.Rb3 Nd7 30.Bf3 Rg8 31.Bxh5 exd5 32.cxd5 b5 33.Nc3 c4 34.Rxb5 Bxc3 35.d6
Qxd6 36.Rxf5 Rg1+ 37.Ka2 Qxa3+ 38.bxa3 Ra1# 0-1

[Event "2nd American Continental"]
[Site "Buenos Aires ARG"]
[Date "2003.08.27"]
[Round "9"]
[White "Soppe, Guillermo"]
[Black "Bitelmajer, Martin"]
[Result "1/2-1/2"]
[WhiteElo "2467"]
[BlackElo "2230"]
[EventDate "2003.08.17"]
[PlyCount "44"]

1.Nf3 Nf6 2.c4 g6 3.Nc3 c5 4.g3 Bg7 5.Bg2 O-O 6.d4 cxd4 7.Nxd4 Nc6 8.O-O 
Nxd4 9.Qxd4 d6 10.Qd3 a6 11.Be3 Ng4 12.Bd4 Ne5 13.Qd1 Be6 14.b3 Rb8 15.Rc1
Bh6 16.f4 Nc6 17.Bf2 Qa5 18.e4 Bg7 19.Qd2 Rbc8 20.Be3 Bh8 21.Rf2 b5 22.
cxb5 axb5 1/2-1/2

[Event "2nd American Continental"]
[Site "Buenos Aires ARG"]
[Date "2003.08.27"]
[Round "9"]
[White "Sorin, Ariel"]
[Black "Dorin, Mauricio"]
[Result "1/2-1/2"]
[WhiteElo "2519"]
[BlackElo "2395"]
[EventDate "2003.08.17"]
[PlyCount "105"]

1.d4 e6 2.c4 Nf6 3.Nf3 Bb4+ 4.Nbd2 b6 5.e3 Bb7 6.Bd3 O-O 7.O-O d5 8.a3 
Bxd2 9.Nxd2 dxc4 10.Nxc4 Nbd7 11.b4 Qe7 12.Bb2 Rfd8 13.Qc2 Rac8 14.Rfd1 h6
15.e4 c5 16.dxc5 bxc5 17.b5 Ne8 18.a4 Nb6 19.f3 Nxc4 20.Bxc4 Nd6 21.Bf1 f5
22.e5 Nf7 23.Bc4 Bd5 24.Bxd5 exd5 25.Qxf5 d4 26.f4 Qb7 27.Rac1 a6 28.e6 
Nd6 29.Qe5 axb5 30.e7 Rd7 31.Rxc5 Rxc5 32.Qxc5 Rxe7 33.Bxd4 Rd7 34.Be3 Nc4
35.Rxd7 Qxd7 36.Qxb5 Qd3 37.Qe8+ Kh7 38.Bf2 Qd1+ 39.Qe1 Qxa4 40.Qe4+ Kh8 
41.h4 Qd1+ 42.Kh2 Nd2 43.Qe8+ Kh7 44.Qe6 Nf1+ 45.Kh3 Qd3+ 46.g3 Qf3 47.
Qf5+ Kh8 48.Qc8+ Kh7 49.Qf5+ Kh8 50.Qc5 h5 51.Qf8+ Kh7 52.Qf5+ Kh8 53.Qf8+
1/2-1/2

[Event "2nd American Continental"]
[Site "Buenos Aires ARG"]
[Date "2003.08.27"]
[Round "9"]
[White "Tempone, Marcelo"]
[Black "Zarnicki, Pablo"]
[Result "1/2-1/2"]
[WhiteElo "2437"]
[BlackElo "2530"]
[EventDate "2003.08.17"]
[PlyCount "103"]

1.c4 Nf6 2.Nf3 g6 3.g3 Bg7 4.Bg2 O-O 5.O-O c5 6.d4 cxd4 7.Nxd4 Nc6 8.Nc3 
Nxd4 9.Qxd4 d6 10.Qd3 a6 11.Bd2 Rb8 12.Rac1 Nd7 13.b3 b5 14.cxb5 axb5 15.
Nd5 Bb7 16.Nb4 Nc5 17.Qe3 Bxg2 18.Kxg2 Qd7 19.Rc2 f5 20.f3 f4 21.gxf4 Bh6 
22.Qd4 Ne6 23.Qd5 Bxf4 24.e3 Bh6 25.Nc6 Rbe8 26.Nd4 Rf6 27.Qxb5 Qxb5 28.
Nxb5 Rf5 29.Nd4 Nxd4 30.exd4 Bg7 31.Be3 Rb8 32.Rc7 Kf7 33.Re1 Bf6 34.Re2 
h5 35.Rb2 Rfb5 36.Re2 Rf5 37.Bd2 Ke8 38.Ra7 Rc8 39.Be3 Rb5 40.Rd2 Rc3 41.
Kf2 Kf7 42.Ra4 Rc1 43.d5 Bc3 44.Re2 Rd1 45.Bg5 Bd4+ 46.Kg3 Rb7 47.h4 Be5+ 
48.Bf4 Bf6 49.Rd2 Rg1+ 50.Kf2 Rh1 51.Bg3 Rc7 52.Kg2 1/2-1/2

[Event "2nd American Continental"]
[Site "Buenos Aires ARG"]
[Date "2003.08.27"]
[Round "9"]
[White "Zambrana, Oswaldo"]
[Black "Valerga, Diego"]
[Result "1/2-1/2"]
[WhiteElo "2404"]
[BlackElo "2496"]
[EventDate "2003.08.17"]
[PlyCount "91"]

1.e4 c6 2.d4 d5 3.e5 Bf5 4.Nc3 e6 5.g4 Bg6 6.Nge2 c5 7.Be3 Nc6 8.dxc5 a6 
9.Nd4 h5 10.Nxc6 bxc6 11.Na4 Nh6 12.h3 Qh4 13.Bg2 Be7 14.Bf4 Nf5 15.gxf5 
Qxf4 16.fxg6 Qxa4 17.gxf7+ Kxf7 18.O-O Bxc5 19.Qf3+ Kg8 20.c4 Rf8 21.Qe2 
Rf5 22.cxd5 cxd5 23.Rac1 Bd4 24.Rc8+ Kh7 25.Rxh8+ Kxh8 26.Kh1 Rxe5 27.Qd2 
Bb6 28.f4 Rf5 29.Re1 Ba5 30.b4 Qxb4 31.Qxb4 Bxb4 32.Rxe6 a5 33.Re8+ Kh7 
34.Rd8 Rxf4 35.Bxd5 Kh6 36.Kg2 Kg5 37.Bb3 Be1 38.Re8 Bc3 39.Rd8 a4 40.Rd5+
Kh4 41.Bd1 g5 42.Rd3 Be1 43.Re3 Bb4 44.Bc2 Bc5 45.Re4 Rxe4 46.Bxe4 1/2-1/2

[Event "2nd American Continental"]
[Site "Buenos Aires ARG"]
[Date "2003.08.28"]
[Round "10"]
[White "Aguilar, Mauricio"]
[Black "Aguilar, Andres"]
[Result "0-1"]
[WhiteElo "2133"]
[BlackElo "2204"]
[EventDate "2003.08.17"]
[PlyCount "58"]

1.d4 Nf6 2.e3 b6 3.f4 Bb7 4.Nf3 d6 5.Bd3 g6 6.O-O Bg7 7.Nbd2 O-O 8.Qe1 c5 
9.c3 Nbd7 10.f5 e5 11.fxe6 fxe6 12.e4 cxd4 13.cxd4 e5 14.Nc4 Qe7 15.d5 Nc5
16.Bb1 Ba6 17.Qe2 Rac8 18.b3 b5 19.Nb2 b4 20.Nc4 Nxd5 21.exd5 e4 22.Bg5 
Qd7 23.Nfd2 Rxf1+ 24.Qxf1 Bd4+ 25.Kh1 Rf8 26.Qe1 Bxc4 27.bxc4 Bxa1 28.Nxe4
Nxe4 29.Bxe4 Bc3 0-1

[Event "2nd American Continental"]
[Site "Buenos Aires ARG"]
[Date "2003.08.28"]
[Round "10"]
[White "Arenas, Sergio"]
[Black "Walsh, Hector"]
[Result "0-1"]
[WhiteElo "2155"]
[BlackElo "2156"]
[EventDate "2003.08.17"]
[PlyCount "80"]

1.e4 c5 2.Nf3 d6 3.g3 Nc6 4.Bg2 g6 5.O-O Bg7 6.d3 e6 7.Nbd2 Nge7 8.c3 O-O 
9.Re1 b5 10.Nf1 a5 11.d4 cxd4 12.cxd4 d5 13.e5 Qb6 14.g4 Ba6 15.Bg5 Rfc8 
16.Qd2 Ra7 17.Bf6 Bf8 18.h4 Rac7 19.h5 Nb4 20.Ne3 Nc2 21.Nxc2 Rxc2 22.Qg5 
Nc6 23.hxg6 fxg6 24.Nh4 Nxd4 25.Re3 Qa7 26.Rf1 b4 27.Rfe1 Rxb2 28.Nxg6 
hxg6 29.Rh3 Bg7 30.Qxg6 Qf7 31.Qg5 Rcc2 32.Qh4 Qg6 33.Bxg7 Qxg7 34.Qd8+ 
Kf7 35.Qd7+ Kf8 36.Qd8+ Kf7 37.Qd7+ Kg6 38.Qe8+ Kg5 39.f4+ Kxf4 40.Rf1+ 
Bxf1 0-1

[Event "2nd American Continental"]
[Site "Buenos Aires ARG"]
[Date "2003.08.28"]
[Round "10"]
[White "Bendana Guerrero, Guy"]
[Black "Jorge, Cristian"]
[Result "0-1"]
[WhiteElo "2186"]
[BlackElo "2148"]
[EventDate "2003.08.17"]
[PlyCount "84"]

1.d4 d5 2.Nf3 Bf5 3.Bf4 e6 4.e3 Nf6 5.h3 Nbd7 6.Bd3 Bg6 7.O-O Be7 8.c4 
dxc4 9.Bxc4 O-O 10.Nc3 c6 11.Re1 Nd5 12.Bg3 N7f6 13.Rc1 Bh5 14.Be2 Qb6 15.
Na4 Qa5 16.a3 Ne4 17.b4 Qd8 18.Bh2 b5 19.Nc5 Ndc3 20.Qc2 Nxe2+ 21.Qxe2 Ng5
22.Nd3 a5 23.Rxc6 axb4 24.axb4 Qd5 25.Nde5 Ra2 26.e4 Nxf3+ 27.Qxf3 Bxf3 
28.exd5 Bxd5 29.Rb6 Bxb4 30.Rb1 Bc3 31.R1xb5 Bxd4 32.Bg3 f5 33.Rb8 f4 34.
Rxf8+ Kxf8 35.Rb8+ Ke7 36.Bh4+ Kd6 37.Nf7+ Kc7 38.Rb4 e5 39.Ng5 h6 40.Nf3 
Bxf3 41.gxf3 g5 42.Rc4+ Kd6 0-1

[Event "2nd American Continental"]
[Site "Buenos Aires ARG"]
[Date "2003.08.28"]
[Round "10"]
[White "Bibiloni, Jorge Jaime"]
[Black "Echeguren, Gustavo"]
[Result "1-0"]
[WhiteElo "2203"]
[BlackElo "2091"]
[EventDate "2003.08.17"]
[PlyCount "115"]

1.Nc3 c5 2.Nf3 Nc6 3.d4 cxd4 4.Nxd4 Nf6 5.g3 e5 6.Ndb5 d5 7.Nxd5 Nxd5 8.
Qxd5 Be6 9.Qxd8+ Kxd8 10.Be3 Bb4+ 11.c3 Be7 12.Bg2 Kc8 13.a4 a6 14.Na3 Bb3
15.Nb1 Na5 16.Nd2 Be6 17.O-O Nb3 18.Nxb3 Bxb3 19.c4 a5 20.c5 Ra6 21.Rfc1 
Kc7 22.Rc3 Be6 23.Rac1 Bd7 24.Rb3 Bc6 25.Rb6 Rha8 26.Rc3 R6a7 27.Rcb3 Rd8 
28.Bxc6 bxc6 29.Rd3 Rd5 30.Rxd5 cxd5 31.Rb5 Kc6 32.Kg2 Bd8 33.Bd2 Be7 34.
Bxa5 Bxc5 35.b4 Bxb4 36.Bxb4 Rxa4 37.Rc5+ Kd6 38.Rc4+ Ke6 39.Rc6+ Kd7 40.
Rd6+ Kc7 41.Bc5 Rc4 42.Rxd5 Kc6 43.Rxe5 Rxc5 44.Rxc5+ Kxc5 45.Kf3 Kd5 46.
Kf4 Ke6 47.e4 f6 48.h4 g6 49.g4 h6 50.f3 g5+ 51.hxg5 hxg5+ 52.Kg3 Ke5 53.
Kf2 Kd6 54.Ke2 Ke6 55.Kd3 Kd6 56.Kd4 Ke6 57.e5 fxe5+ 58.Ke4 1-0

[Event "2nd American Continental"]
[Site "Buenos Aires ARG"]
[Date "2003.08.28"]
[Round "10"]
[White "Bielicki, Carlos"]
[Black "Castaneda, Carlos"]
[Result "1-0"]
[WhiteElo "2289"]
[BlackElo "2148"]
[EventDate "2003.08.17"]
[PlyCount "121"]

1.d4 Nf6 2.c4 g6 3.g3 Bg7 4.Bg2 O-O 5.Nc3 d6 6.Nf3 Nc6 7.O-O a6 8.b3 e5 9.
dxe5 dxe5 10.Ba3 Re8 11.Qxd8 Rxd8 12.Rad1 Bf5 13.Nh4 Bg4 14.Bxc6 bxc6 15.
Ng2 Bf8 16.Bxf8 Kxf8 17.Ne3 Bh3 18.Rfe1 Rd4 19.Nc2 Rxd1 20.Rxd1 a5 21.f3 
h5 22.Ne3 Ke7 23.Kf2 Be6 24.Na4 Nd7 25.Rc1 Rb8 26.Nd1 f6 27.Ndc3 f5 28.h4 
Bf7 29.Nd1 Nb6 30.Ndb2 Rd8 31.Ke1 Kf6 32.f4 Re8 33.Rc3 Nc8 34.Nc5 exf4 35.
gxf4 Nd6 36.Nba4 Re7 37.Rd3 Be8 38.e3 Bf7 39.Kf2 Be6 40.Kf3 Bc8 41.Rd4 Re8
42.Nc3 Kf7 43.Ke2 Rd8 44.N3a4 Re8 45.Nd3 Kf6 46.Ne5 Bb7 47.Nc5 Ba8 48.Rd1 
Re7 49.Rg1 Rg7 50.Kd3 Rg8 51.Kc2 Nb7 52.Ned7+ Ke7 53.Rd1 Rd8 54.Nxb7 Bxb7 
55.Ne5 Rxd1 56.Kxd1 Kf6 57.Kd2 c5 58.Nd7+ Ke7 59.Nxc5 Bc6 60.Kc3 Kd6 61.
Kd4 1-0

[Event "2nd American Continental"]
[Site "Buenos Aires ARG"]
[Date "2003.08.28"]
[Round "10"]
[White "Bitelmajer, Martin"]
[Black "Julia, Ernesto"]
[Result "0-1"]
[WhiteElo "2230"]
[BlackElo "2387"]
[EventDate "2003.08.17"]
[PlyCount "42"]

1.d4 Nf6 2.c4 e6 3.Nc3 Bb4 4.Qc2 d6 5.Nf3 Nbd7 6.e3 b6 7.Be2 Bb7 8.O-O 
Bxc3 9.Qxc3 Ne4 10.Qc2 O-O 11.b3 f5 12.Bd3 Rf6 13.Nd2 Rh6 14.Nxe4 fxe4 15.
Be2 Qh4 16.h3 Rf8 17.Bg4 Rg6 18.Qe2 Rf3 19.d5 Rxg4 20.hxg4 Ne5 21.g3 Qh3 
0-1

[Event "2nd American Continental"]
[Site "Buenos Aires ARG"]
[Date "2003.08.28"]
[Round "10"]
[White "Bronstein, Luis Marcos"]
[Black "Bentancor, Franco German"]
[Result "0-1"]
[WhiteElo "2325"]
[BlackElo "2177"]
[EventDate "2003.08.17"]
[PlyCount "74"]

1.d4 Nf6 2.Nf3 g6 3.c4 Bg7 4.Nc3 O-O 5.e4 d6 6.Be2 e5 7.Be3 Na6 8.O-O Ng4 
9.Bg5 Qe8 10.dxe5 dxe5 11.Ne1 f5 12.Nd3 c6 13.b4 h6 14.Bd2 Nf6 15.f3 Nc7 
16.Re1 f4 17.c5 g5 18.Nf2 h5 19.Bc4+ Kh7 20.h3 Qg6 21.Qb3 g4 22.hxg4 hxg4 
23.Kf1 gxf3 24.gxf3 Nh5 25.Ke2 Ne6 26.Rh1 Nd4+ 27.Kd3 Nxb3 28.Bxb3 Bh6 29.
Rag1 Ng3 30.Rh2 Rd8+ 31.Kc2 Rxd2+ 32.Kxd2 Nxe4+ 33.Ncxe4 Qxg1 34.Rh5 Kg6 
35.Rxe5 Bf5 36.Bc2 Rd8+ 37.Ke2 Qc1 0-1

[Event "2nd American Continental"]
[Site "Buenos Aires ARG"]
[Date "2003.08.28"]
[Round "10"]
[White "Cordero, Alfredo"]
[Black "Ojeda, Hernan"]
[Result "0-1"]
[WhiteElo "2323"]
[BlackElo "2226"]
[EventDate "2003.08.17"]
[PlyCount "100"]

1.e4 c6 2.d3 d5 3.Nd2 g6 4.Ngf3 Bg7 5.Be2 e5 6.O-O Ne7 7.c3 O-O 8.Qc2 f5 
9.Re1 Kh8 10.Bd1 Nd7 11.Nf1 dxe4 12.dxe4 Nc5 13.N1d2 fxe4 14.Nxe4 Bf5 15.
Bg5 Nxe4 16.Rxe4 Qc7 17.Qe2 Bxe4 18.Qxe4 Nf5 19.Bc2 Rae8 20.Rd1 Nd6 21.Qb4
c5 22.Qg4 e4 23.Nd2 Qf7 24.Qe2 b6 25.Bb3 Qf5 26.Be3 Rd8 27.Rf1 Rde8 28.Re1
Qf6 29.Bc2 Re5 30.b4 Rh5 31.bxc5 bxc5 32.c4 Qe5 33.g3 Nf5 34.Bxe4 Nxe3 35.
fxe3 Rd8 36.Bd5 Rf5 37.Nf3 Qc3 38.Rb1 Re8 39.Rb3 Qa1+ 40.Kg2 a5 41.e4 Rff8
42.e5 a4 43.Rb2 a3 44.Rb3 Bxe5 45.Re3 Rb8 46.Kh3 Bg7 47.Rxa3 Rb2 48.Qd3 
Qc1 49.g4 Qh6+ 50.Kg3 Be5+ 0-1

[Event "2nd American Continental"]
[Site "Buenos Aires ARG"]
[Date "2003.08.28"]
[Round "10"]
[White "Crosa Coll, Martin"]
[Black "Sorin, Ariel"]
[Result "0-1"]
[WhiteElo "2412"]
[BlackElo "2519"]
[EventDate "2003.08.17"]
[PlyCount "72"]

1.e4 e5 2.Nf3 Nc6 3.Bc4 Bc5 4.O-O Nf6 5.d3 d6 6.c3 a6 7.Re1 Ba7 8.Bb3 O-O 
9.Nbd2 Ng4 10.Re2 Kh8 11.h3 Nh6 12.g4 Ng8 13.Nf1 Be6 14.Ng3 Qd7 15.Bc2 f6 
16.d4 exd4 17.Nxd4 Nxd4 18.cxd4 d5 19.Qd3 g6 20.Be3 Rae8 21.f3 Ne7 22.Kg2 
Nc6 23.Rd1 Nb4 24.Qc3 Nxc2 25.Rxc2 c6 26.e5 fxe5 27.dxe5 d4 28.Bxd4 c5 29.
Bxc5 Qxd1 30.Bxa7 Rxf3 31.Qd2 Rd3 32.Qxd1 Rxd1 33.Ne2 Bd5+ 34.Kg3 Rd3+ 35.
Kh2 Bc6 36.Rc3 Rd2 0-1

[Event "2nd American Continental"]
[Site "Buenos Aires ARG"]
[Date "2003.08.28"]
[Round "10"]
[White "Daneri, Martin"]
[Black "Escobedo Tinajero, Alberto"]
[Result "1-0"]
[WhiteElo "2175"]
[BlackElo "2405"]
[EventDate "2003.08.17"]
[PlyCount "89"]

1.d4 d5 2.Nf3 Nf6 3.Bf4 c6 4.c3 g6 5.Nbd2 Bg7 6.e3 O-O 7.Be2 b6 8.Ne5 Bb7 
9.h4 h6 10.g4 Nfd7 11.Ndf3 Nxe5 12.Nxe5 Qc8 13.Qc2 Qe6 14.Kd2 Nd7 15.Nd3 
Ba6 16.Rag1 c5 17.Qa4 Bxd3 18.Bxd3 c4 19.Bb1 Nf6 20.f3 Qd7 21.Qc2 Rfc8 22.
g5 hxg5 23.Rxg5 Nh7 24.Rg2 Rc6 25.h5 Nf8 26.Qd1 Qe8 27.Be5 b5 28.Qg1 a5 
29.hxg6 fxg6 30.Qh2 Raa6 31.Bxg7 Kxg7 32.Qe5+ Rf6 33.Qxd5 Rad6 34.Qh5 e5 
35.Qh8+ Kf7 36.Rgh2 Qd8 37.Be4 b4 38.Kc1 exd4 39.exd4 bxc3 40.bxc3 a4 41.
Rb2 Rd7 42.Qh2 Qa5 43.Kc2 Ne6 44.Qe5 Qd8 45.Rb8 1-0

[Event "2nd American Continental"]
[Site "Buenos Aires ARG"]
[Date "2003.08.28"]
[Round "10"]
[White "Demaria, Juan Pablo"]
[Black "Altamirano, Benjamin"]
[Result "1-0"]
[WhiteElo "2242"]
[BlackElo "2333"]
[EventDate "2003.08.17"]
[PlyCount "59"]

1.e4 c5 2.Nf3 g6 3.c3 Bg7 4.d4 cxd4 5.cxd4 d5 6.e5 Bg4 7.Nc3 Nc6 8.Be2 Nh6
9.Be3 Nf5 10.O-O Bxf3 11.Bxf3 e6 12.Bg4 a6 13.Bxf5 gxf5 14.Ne2 Qb6 15.Nf4 
O-O-O 16.Rb1 Bf8 17.b4 Rg8 18.Qe2 Qb5 19.Qh5 Rg7 20.Rfc1 Kb8 21.Qd1 Qb6 
22.Qe2 Na7 23.a4 Bxb4 24.a5 Qxa5 25.Qb2 Nc6 26.Bd2 Qa3 27.Qxa3 Bxa3 28.
Rxc6 Ka8 29.Rc7 Rb8 30.Nxe6 1-0

[Event "2nd American Continental"]
[Site "Buenos Aires ARG"]
[Date "2003.08.28"]
[Round "10"]
[White "Dorin, Mauricio"]
[Black "Ramirez Alvarez, Alejandro"]
[Result "0-1"]
[WhiteElo "2395"]
[BlackElo "2450"]
[EventDate "2003.08.17"]
[PlyCount "146"]

1.e4 c5 2.c3 d5 3.exd5 Qxd5 4.d4 Nf6 5.Nf3 Bg4 6.Be2 e6 7.h3 Bh5 8.Na3 Nc6
9.Be3 cxd4 10.Nb5 Rc8 11.Nbxd4 Be7 12.O-O O-O 13.Nxc6 bxc6 14.Qa4 Qd7 15.
Rfd1 Qc7 16.c4 c5 17.Rd2 Rb8 18.Rad1 Rb4 19.Qc2 Rfb8 20.b3 a5 21.Ne1 Bg6 
22.Bd3 a4 23.Bxg6 hxg6 24.Nd3 axb3 25.axb3 R4b7 26.Bf4 Bd6 27.Bxd6 Qxd6 
28.Nc1 Qc7 29.Rd3 Nh5 30.g3 Nf6 31.Qd2 Qe5 32.Qa5 Kh7 33.Rd8 Qh5 34.Kg2 
Ne4 35.R8d3 Qg5 36.Qe1 Nf6 37.Re3 Nd7 38.Qe2 Ra7 39.Qf3 Qf6 40.Qc6 Rb6 41.
Qe4 Qf5 42.Qh4+ Qh5 43.Qxh5+ gxh5 44.Red3 Ne5 45.Re3 Nd7 46.Red3 Rbb7 47.
f4 Nf6 48.Kf3 Ra1 49.g4 Kg6 50.g5 Ng8 51.Rc3 Ne7 52.Rd8 Rc7 53.Nd3 Kf5 54.
Rf8 Ng6 55.Rb8 Nxf4 56.Nf2 Ng6 57.Rb5 e5 58.Ke3 Nf4 59.Nd3 Ne6 60.b4 Rh1 
61.Nxc5 Nxc5 62.bxc5 Rxh3+ 63.Kd2 Rxc3 64.Kxc3 h4 65.Kb4 h3 66.Rb8 e4 67.
Rh8 Kg4 68.Kb5 e3 69.Kb6 Re7 70.c6 e2 71.c7 Rxc7 72.Kxc7 e1=Q 73.c5 h2 0-1

[Event "2nd American Continental"]
[Site "Buenos Aires ARG"]
[Date "2003.08.28"]
[Round "10"]
[White "Santos, Francisco Jose dos"]
[Black "Sagalchik, Olga"]
[Result "0-1"]
[WhiteElo "2193"]
[BlackElo "2111"]
[EventDate "2003.08.17"]
[PlyCount "82"]

1.Nf3 d5 2.d4 Nc6 3.c3 Bf5 4.Bf4 e6 5.e3 f6 6.Bd3 Nge7 7.Na3 Qd7 8.h4 Ng6 
9.Bg3 Bxa3 10.bxa3 Nge7 11.h5 Na5 12.Nh4 Bxd3 13.Qxd3 Nc4 14.O-O Nxa3 15.
e4 Nc4 16.a4 a5 17.Rfe1 O-O 18.exd5 exd5 19.Bf4 Rf7 20.Re2 Qg4 21.g3 Qxh5 
22.Rae1 Ng6 23.Re8+ Rxe8 24.Rxe8+ Rf8 25.Rxf8+ Kxf8 26.Ng2 c6 27.Qb1 b6 
28.Be3 Qf3 29.Qb3 h5 30.Bc1 h4 31.gxh4 Qg4 32.Kf1 Nxh4 33.Ne3 Qh3+ 34.Ke2 
Qf3+ 35.Ke1 Qh1+ 36.Ke2 Qxc1 37.Nxc4 dxc4 38.Qxc4 Qh1 39.d5 Qf3+ 40.Ke1 
Ng2+ 41.Kf1 Ne3+ 0-1

[Event "2nd American Continental"]
[Site "Buenos Aires ARG"]
[Date "2003.08.28"]
[Round "10"]
[White "Duarte, Leonardo"]
[Black "Schneider, Dmitry"]
[Result "1/2-1/2"]
[WhiteElo "2207"]
[BlackElo "2425"]
[EventDate "2003.08.17"]
[PlyCount "80"]

1.e4 e6 2.d4 d5 3.Nd2 Nf6 4.e5 Nfd7 5.Bd3 c5 6.c3 Nc6 7.Ngf3 cxd4 8.cxd4 
g6 9.O-O Bg7 10.Re1 Qb6 11.b3 Nxd4 12.Ba3 Nc6 13.Bd6 Bf8 14.Bxf8 Kxf8 15.
h4 h6 16.Nf1 Kg7 17.Rc1 a5 18.Bc2 a4 19.bxa4 Ra5 20.Qd2 Qb4 21.Qe3 d4 22.
Qf4 d3 23.Re4 Qa3 24.Bb3 Qe7 25.N1d2 Nb6 26.Re3 Nd5 27.Bxd5 Rxd5 28.Ne4 
Nd4 29.Nf6 Ne2+ 30.Rxe2 dxe2 31.Nxd5 exd5 32.Re1 Bd7 33.Rxe2 Ra8 34.Nd4 
Rxa4 35.h5 Qg5 36.Qxg5 hxg5 37.e6 fxe6 38.Nxe6+ Bxe6 39.Rxe6 gxh5 40.Re5 
Kf6 1/2-1/2

[Event "2nd American Continental"]
[Site "Buenos Aires ARG"]
[Date "2003.08.28"]
[Round "10"]
[White "Estay Torreblanca, Oscar"]
[Black "Di Diego, Osvaldo"]
[Result "1/2-1/2"]
[WhiteElo "2231"]
[BlackElo "2061"]
[EventDate "2003.08.17"]
[PlyCount "72"]

1.e4 d5 2.exd5 Qxd5 3.Nc3 Qa5 4.Nf3 Nf6 5.Bc4 Bg4 6.h3 Bxf3 7.Qxf3 c6 8.d4
e6 9.O-O Nbd7 10.Bf4 Be7 11.Rfe1 O-O 12.Rad1 Rfe8 13.a3 Nd5 14.Bd2 Qc7 15.
Ne4 N7f6 16.Ng3 Rad8 17.Bd3 Bd6 18.c4 Nf4 19.Bb1 Ng6 20.Bg5 Be7 21.h4 Nf8 
22.b4 a5 23.Bf4 Bd6 24.Bg5 Be7 25.h5 h6 26.Bf4 Qd7 27.bxa5 Ra8 28.Bd2 Qxd4
29.Ne4 Qb2 30.Nxf6+ Qxf6 31.Qb3 Rab8 32.Bc3 Qh4 33.Be5 Rbd8 34.Rxd8 Rxd8 
35.Qc3 Bf6 36.Bxf6 Qxf6 1/2-1/2

[Event "2nd American Continental"]
[Site "Buenos Aires ARG"]
[Date "2003.08.28"]
[Round "10"]
[White "Ferrara, Alexis"]
[Black "Giampa, Alejandro"]
[Result "1/2-1/2"]
[WhiteElo "2210"]
[BlackElo "2271"]
[EventDate "2003.08.17"]
[PlyCount "140"]

1.d4 Nf6 2.c4 e6 3.Nf3 b6 4.g3 Bb7 5.Bg2 Be7 6.O-O O-O 7.Nc3 Ne4 8.Bd2 c5 
9.d5 exd5 10.cxd5 Nxd2 11.Nxd2 d6 12.Qc2 Na6 13.a3 Nc7 14.e4 Rb8 15.b4 Bf6
16.Rab1 cxb4 17.axb4 Qd7 18.Qb3 Rfc8 19.Rfc1 b5 20.Ne2 Na8 21.Nf4 Rxc1+ 
22.Rxc1 Rc8 23.Rc2 Rxc2 24.Qxc2 Qc8 25.Qxc8+ Bxc8 26.Nb1 Nb6 27.Na3 a6 28.
Nc2 Nc4 29.Nd3 Kf8 30.h3 Bc3 31.Kf1 f5 32.Ke2 Ke7 33.f4 fxe4 34.Bxe4 Bxh3 
35.Nf2 Bd7 36.Bxh7 Be8 37.Bf5 Nb6 38.Be4 Na4 39.Ke3 Bf6 40.Ng4 Nb2 41.Kd2 
Nc4+ 42.Kd3 Bb2 43.Nge3 Nxe3 44.Nxe3 Kd8 45.g4 g6 46.Nc2 Bc1 47.f5 gxf5 
48.Bxf5 Ke7 49.Nd4 Kf6 50.Nc6 Bf7 51.Ke4 Bd2 52.Kd4 Be1 53.Bc8 Bf2+ 54.Ke4
Bg6+ 55.Kf4 Bf7 56.g5+ Kg7 57.Be6 Be8 58.Ne7 Be1 59.Nf5+ Kf8 60.Nxd6 Bh5 
61.Kf5 Bxb4 62.Ne4 Bf3 63.Nf6 a5 64.Nd7+ Kg7 65.Nf6 a4 66.g6 Be7 67.Ne4 
Bb4 68.Nf6 Bc3 69.Ne4 Bb4 70.Nf6 Bc3 1/2-1/2